Construyendo territorios seguros: (Registro nro. 15450)
[ vista simple ]
| 000 -LEADER | |
|---|---|
| fixed length control field | 01288nam a22002297a 4500 |
| 003 - CONTROL NUMBER IDENTIFIER | |
| control field | OSt |
| 005 - DATE AND TIME OF LATEST TRANSACTION | |
| control field | 20210320105127.0 |
| 008 - FIXED-LENGTH DATA ELEMENTS--GENERAL INFORMATION | |
| fixed length control field | 210320s2016 ck a|||gr|||| 00| 0 spa d |
| 020 ## - INTERNATIONAL STANDARD BOOK NUMBER | |
| International Standard Book Number | 9789585876491 |
| 040 ## - CATALOGING SOURCE | |
| Original cataloging agency | CO-JMCR |
| Transcribing agency | CO-JMCR |
| 041 0# - LANGUAGE CODE | |
| Language code of text/sound track or separate title | spa |
| 082 04 - DEWEY DECIMAL CLASSIFICATION NUMBER | |
| Item number | 363.34609861 / |
| Classification number | P964c |
| Edition number | 23 |
| 110 1# - MAIN ENTRY--CORPORATE NAME | |
| Corporate name or jurisdiction name as entry element | Colombia. |
| Subordinate unit | Procuraduría General de la Nación |
| 9 (RLIN) | 36379 |
| 245 10 - TITLE STATEMENT | |
| Title | Construyendo territorios seguros: |
| Remainder of title | la gestión del riesgo de desastres / |
| Statement of responsibility, etc. | Procuraduría General de la Nación |
| 260 ## - PUBLICATION, DISTRIBUTION, ETC. | |
| Place of publication, distribution, etc. | [Bogotá] : |
| Name of publisher, distributor, etc. | Procuraduría General de la Nación, |
| Date of publication, distribution, etc. | 2016 |
| 300 ## - PHYSICAL DESCRIPTION | |
| Extent | 44,48 páginas : |
| Other physical details | ilustraciones a color ; |
| Dimensions | 27 cm. |
| 501 ## - WITH NOTE | |
| With note | Con: El servicio público esencial de bomberos en Colombia |
| 505 0# - FORMATTED CONTENTS NOTE | |
| Formatted contents note | ¿En qué consiste la gestión del riesgo de desastres? -- ¿Cómo se organiza la gestión del riesgo en el país? -- El sistema de gestión del riesgo de desastres en las entidades territoriales -- Planes territoriales de gestión del riesgo de desastres -- Fondos territoriales de gestión del riesgo de desastres -- ¿Quién es el encargado de la gestión del riesgo de desastres en las entidades territoriales -- ¿Qué hacer si ocurre un desastre? |
| 650 14 - SUBJECT ADDED ENTRY--TOPICAL TERM | |
| Topical term or geographic name entry element | Gestión de emergencias |
| Geographic subdivision | Colombia |
| 9 (RLIN) | 13000 |
| 650 14 - SUBJECT ADDED ENTRY--TOPICAL TERM | |
| Topical term or geographic name entry element | Bomberos |
| Geographic subdivision | Colombia |
| 9 (RLIN) | 36380 |
| 942 ## - ADDED ENTRY ELEMENTS (KOHA) | |
| Source of classification or shelving scheme | Dewey Decimal Classification |
| Koha item type | Books |
| Withdrawn status | Lost status | Source of classification or shelving scheme | Damaged status | Not for loan | Collection code | Home library | Current library | Date acquired | Source of acquisition | Total Checkouts | Full call number | Barcode | Date last seen | Copy number | Price effective from | Koha item type |
|---|---|---|---|---|---|---|---|---|---|---|---|---|---|---|---|---|
| Dewey Decimal Classification | Non-fiction | Biblioteca Pública José María del Castillo y Rada | Biblioteca Pública José María del Castillo y Rada | 10/02/2020 | Donación | 363.34609861 / P964c | 201810917 | 05/16/2024 | Ej.1 | 03/20/2021 | Books |